| 000 | 00678cam a2200229 a 4500 | ||
|---|---|---|---|
| 001 | 13548392 | ||
| 005 | 20240214021207.0 | ||
| 008 | 040405s2003 sa a b 001 0beng | ||
| 020 | _a1868726622 | ||
| 040 |
_aUKM _cUKM _dCtY _dDLC |
||
| 082 | 0 | 0 |
_a320. _222 _bWIN. |
| 100 | 1 | _aBezdrob, preez du Marie anne. | |
| 245 | 1 | 0 |
_aWinnie Mandela : _ba life / _cAnné Mariè du Preez Bezdrob. |
| 260 |
_aCape Town : _bZebra press, _c2003. |
||
| 300 | _axv, 287 p. : | ||
| 650 | 0 | _aBanned persons (South Africa) | |
| 650 | 0 | _aCivil rights workers | |
| 650 | 0 | _aWomen, Black | |
| 650 | 0 | _aWomen civil rights workers | |
| 856 | 4 | 2 | _uhttp://www.h-net.org/review/hrev-a0d8b9-aa |
| 942 | _cL | ||
| 999 |
_c382 _d382 |
||